000 00902nam0a2200289 4500
001 RU\NLR\ONL1\1037
005 20251118181800.5
035 _a(NLR Aleph) 009629795
090 _a9486111
_c9486111
100 _a20020916d1997 u y0rusy50 ca
101 1 _akrl
_brus
_cgrc
102 _aRU
105 _aa |||||||||
200 1 _aJevangelii Matfein mugan
210 _aStokgol'm
_aHelsinki
_cBiblienkiä nänduinst.
_d1997
215 _a102 c.
_cкарт
_d17
300 _aЧасть текста рус.
541 1 _aЕвангелие от Матфея
_zrus
605 _aБиблия
_iНовый Завет
_iЕвангелие от Матфея
_92115270
_3RU\NLR\auth\661277936
686 1 _aЭ37-22
801 0 _aRU
_bNLR
_c20020916
_gPSBO
852 _aNLR
_bОНЛ
_jКарел./2-151
899 _aНБ РК
942 _cBOOK
980 _aNB